000 00410cam a2200169ua 4500
001 11600
008 191011n ii |||gr||||Z||||||eng
020 _a9789350045879
040 _cMAIN
041 _aeng
082 _a005.3
245 _aPhotoshop cs6 in simple steps
260 _aNew Delhi:
_bDreamtech press,
_c2017.
300 _a280p.
653 _aComputer programming, programs & data
942 _cBK
999 _c10419
_d10419